| 000 | 00692nam a22001817a 4500 | ||
|---|---|---|---|
| 999 |
_c19504 _d19504 |
||
| 003 | AR-CdUCM | ||
| 008 | 190517b ||||| |||| 00| 0 spa d | ||
| 040 |
_aMUNICIPALIDAD PROVINCIAL DEL CUSCO _cBIBLIOTECA MUNICIPAL DEL CUSCO |
||
| 082 |
_a372.04 / _bF82 |
||
| 100 |
_aFreinet, C. _99101 |
||
| 245 | _aLa psicología sensitiva y la educación / | ||
| 260 |
_aBuenos Aires : _bTroquel, _c1969. |
||
| 300 |
_a219 páginas ; _c23 cm. |
||
| 505 | _aLa vida es -- Sentido dinámico de la vida -- La ascensión del ser -- Salir bien hacia la vida Primacía de los primeros recuerdos fisiológicos mecánicos... | ||
| 650 |
_aPsicología sensitiva. _940876 |
||
| 942 |
_2ddc _cLIBROS |
||
| 945 | _awfj | ||